<?xml version="1.0" encoding="UTF-8"?>
<record
    xmlns:xsi="http://www.w3.org/2001/XMLSchema-instance"
    xsi:schemaLocation="http://www.loc.gov/MARC21/slim http://www.loc.gov/standards/marcxml/schema/MARC21slim.xsd"
    xmlns="http://www.loc.gov/MARC21/slim">

  <leader>02567nam a2200313 a 4500</leader>
  <controlfield tag="003">AR-BeUNQ</controlfield>
  <controlfield tag="005">20230922151110.0</controlfield>
  <controlfield tag="007">ta</controlfield>
  <controlfield tag="008">230721s2021    ag     gr     001 j spa d</controlfield>
  <datafield tag="020" ind1=" " ind2=" ">
    <subfield code="a">9789874794819</subfield>
  </datafield>
  <datafield tag="040" ind1=" " ind2=" ">
    <subfield code="a">AR-BaBN</subfield>
    <subfield code="b">spa</subfield>
    <subfield code="c">AR-BaBN</subfield>
    <subfield code="d">AR-BeUNQ</subfield>
    <subfield code="e">aacr</subfield>
  </datafield>
  <datafield tag="082" ind1="0" ind2="4">
    <subfield code="2">21</subfield>
    <subfield code="a">M 863</subfield>
  </datafield>
  <datafield tag="100" ind1="1" ind2=" ">
    <subfield code="a">Mor&#xE1;bito, Fabio,</subfield>
    <subfield code="d">1955-</subfield>
    <subfield code="e">aut.</subfield>
  </datafield>
  <datafield tag="245" ind1="1" ind2="3">
    <subfield code="a">El idioma materno /</subfield>
    <subfield code="c">Fabio Mor&#xE1;bito.</subfield>
  </datafield>
  <datafield tag="250" ind1=" " ind2=" ">
    <subfield code="a">2a ed. especial</subfield>
  </datafield>
  <datafield tag="260" ind1=" " ind2=" ">
    <subfield code="a">Buenos Aires :</subfield>
    <subfield code="b">Gog &amp; Magog,</subfield>
    <subfield code="c">2021.</subfield>
  </datafield>
  <datafield tag="300" ind1=" " ind2=" ">
    <subfield code="a">174 p. ;</subfield>
    <subfield code="c">20 cm.</subfield>
  </datafield>
  <datafield tag="490" ind1="1" ind2=" ">
    <subfield code="a">Colecci&#xF3;n Otras Prosas</subfield>
  </datafield>
  <datafield tag="500" ind1=" " ind2=" ">
    <subfield code="a">Colecci&#xF3;n Literaria para el Nivel Secundario del Plan Nacional de Lecturas del Ministerio de Educaci&#xF3;n de la Naci&#xF3;n.</subfield>
  </datafield>
  <datafield tag="500" ind1=" " ind2=" ">
    <subfield code="a">"Este libro fue escrito gracias a una beca del Sistema Nacional de Creadores de Conaculta."</subfield>
  </datafield>
  <datafield tag="520" ind1="3" ind2=" ">
    <subfield code="a">No es novedad que el estilo ha ca&#xED;do en desgracia. Mientras la literatura (como siempre) viaja a velocidad crucero hacia un futuro cada vez m&#xE1;s incierto donde asoma la pesadilla de su obsolescencia, nos limitamos a mirar para atr&#xE1;s, con una a&#xF1;oranza dif&#xED;cil de confesar, hacia un pasado no tan lejano en que la literatura se confund&#xED;a con el estilo. Hablar de estilo hoy implica arriesgarse a ser tildado de anacr&#xF3;nico, a ser acusado de nost&#xE1;lgico o supersticioso. Y sin embargo, leyendo a Fabio Mor&#xE1;bito la vigencia de la idea de estilo, la importancia vital de una simple coma o un adjetivo bien puesto, se nos aparece como una evidencia inmediata: el estilo entendido a la vez como m&#xE1;xima libertad y m&#xE1;ximo rigor: el estilo como pensamiento y destino, destino de un pensamiento. Conoc&#xED;amos a Fabio Mor&#xE1;bito sobre todo por sus potentes poemas, donde ideas e im&#xE1;genes danzan en concierto armonioso, y por los sorprendentes mecanismos de relojer&#xED;a de sus relatos. Los textos de &#x201C;El idioma materno&#x201D; combinan lo mejor de ambos y exigen ser le&#xED;dos a la vez como poemas y como relatos, o como apuntes de una forma futura. Autobiograf&#xED;a literaria y bit&#xE1;cora de lectura, f&#xE1;bulas urbanas, microficciones del yo y poemas en prosa: de la cruza de todo ello, amalgamado por su estilo &#xFA;nico, Mor&#xE1;bito extrae peque&#xF1;as joyas n&#xED;tidas, fascinantes ejercicios de autoficci&#xF3;n e inteligencia que se leen en forma adictiva y ya no nos sueltan.</subfield>
  </datafield>
  <datafield tag="650" ind1=" " ind2="7">
    <subfield code="a">Literatura latinoamericana</subfield>
    <subfield code="2">tell</subfield>
  </datafield>
  <datafield tag="650" ind1=" " ind2="7">
    <subfield code="a">Literatura juvenil</subfield>
    <subfield code="2">tell</subfield>
  </datafield>
  <datafield tag="650" ind1=" " ind2="7">
    <subfield code="a">Cuentos</subfield>
    <subfield code="2">tell</subfield>
  </datafield>
  <datafield tag="651" ind1=" " ind2="7">
    <subfield code="a">M&#xE9;xico</subfield>
    <subfield code="2">spines</subfield>
  </datafield>
  <datafield tag="830" ind1=" " ind2="0">
    <subfield code="a">Otras Prosas (Gog &amp; Magog)</subfield>
  </datafield>
  <datafield tag="929" ind1=" " ind2=" ">
    <subfield code="a">DONACION</subfield>
    <subfield code="b">Ministerio de Educaci&#xF3;n de la Naci&#xF3;n</subfield>
    <subfield code="d">300,00</subfield>
    <subfield code="e">20230629</subfield>
    <subfield code="f">PAT0080199</subfield>
    <subfield code="j">61350</subfield>
  </datafield>
  <datafield tag="942" ind1=" " ind2="8">
    <subfield code="c">LIB</subfield>
  </datafield>
  <datafield tag="999" ind1=" " ind2=" ">
    <subfield code="c">344</subfield>
    <subfield code="d">344</subfield>
  </datafield>
  <datafield tag="952" ind1=" " ind2=" ">
    <subfield code="0">0</subfield>
    <subfield code="1">0</subfield>
    <subfield code="a">BIBESET</subfield>
    <subfield code="b">BIBESET</subfield>
    <subfield code="c">circulacion</subfield>
    <subfield code="d">2021-10-07</subfield>
    <subfield code="l">0</subfield>
    <subfield code="o">853 / MOR</subfield>
    <subfield code="p">58840</subfield>
    <subfield code="r">2022-08-23</subfield>
    <subfield code="w">2022-08-23</subfield>
    <subfield code="y">LIB</subfield>
  </datafield>
  <datafield tag="952" ind1=" " ind2=" ">
    <subfield code="0">0</subfield>
    <subfield code="1">0</subfield>
    <subfield code="a">BIBESET</subfield>
    <subfield code="b">BIBESET</subfield>
    <subfield code="c">circulacion</subfield>
    <subfield code="d">2023-07-21</subfield>
    <subfield code="l">0</subfield>
    <subfield code="o">M 863 MOR</subfield>
    <subfield code="p">61350</subfield>
    <subfield code="r">2023-09-22</subfield>
    <subfield code="t">2</subfield>
    <subfield code="w">2023-09-22</subfield>
    <subfield code="y">LIB</subfield>
    <subfield code="k">GS</subfield>
  </datafield>
</record>
